000 01558cam a22004814i 4500
003 PE-LiUPU
005 20250731184538.0
008 180912s2011 pe a r 000 0 spa d
035 _a(Sirsi) a250024
040 _aPE-LiUPU
_bspa
_cPE-LiUPU
_erda
049 _aPRUA
082 0 4 _a918.5
_bCh527
_220
100 1 _aChatzigiannis, Christos,
_d1966- ,
_efotografo.
245 1 3 _aLa suerte de vivir en el Perú /
_cfotógrafo Christos Chatzigiannis ; periodista Dimitris Parousis.
250 _aPrimera edición.
264 1 _aLima :
_bIntralot,
_c2011.
300 _a120 páginas :
_bilustraciones ;
_26 centímetros
336 _atext
_2rdacontent
337 _aunmediated
_2rdamedia
338 _avolume
_2rdacarrier
505 _aLa suerte de vivir en el Perú.
526 _aP136
526 _aP135
526 _aP134
526 _aP133
526 _aP144
526 _aP143
526 _aP87
526 _aP35
526 _aP20
526 _aP14
526 _aP10
526 _aP06
650 0 4 _aPerú
_xDescripciones y viajes
_vLibros de láminas.
650 0 4 _aPerú
_xVida y costumbres sociales
_vLibros de láminas.
700 1 _aParousis, Dimitris,
_eperiodista.
910 _adbm
_bcsm
_ccsm
_d20180912
942 _2ddc
_cBOOK
994 _aC0
_bPEPRU
596 _a1
999 _a918.5 CH527
_wDEWEY
_c29547
_i79137
_d29547
_f2021-11-9
_g4
_lCCODEBUL1
_mBUL
_q2
_r0
_sY
_tBOOK
_u2018-9-12
_xEDUCACION
_PP14
_0COMPRA
980 _81
_gALBERTO SANCHEZ Responsable de Automatización